[Event "40th Olympiad Open"]
[Site "Istanbul TUR"]
[Date "2012.09.06"]
[Round "9.18"]
[Board "3"]
[White "Korneev, Oleg"]
[Black "Idani, Pouya"]
[Result "1/2-1/2"]
[WhiteTitle "GM"]
[BlackTitle "IM"]
[WhiteElo "2581"]
[BlackElo "2477"]
[WhiteTeam "Spain"]
[BlackTeam "Iran"]
[WhiteFideId "4156803"]
[BlackFideId "12510130"]
[EventDate "2012.08.28"]

1. e4 e5 2. Nf3 Nc6 3. Bb5 f5 4. Nc3 fxe4 5. Nxe4 Nf6 6. Qe2 d5 7. Nxf6+ gxf6 8.
d4 Bg7 9. dxe5 O-O 10. Bxc6 bxc6 11. e6 Re8 12. O-O Rxe6 13. Be3 c5 14. Qd2 d4
15. Rfe1 Bb7 16. Bh6 Qd7 17. Rxe6 Qxe6 18. Bxg7 Bxf3 19. Qf4 Kxg7 20. Qxf3 Re8
21. h3 Re7 22. b3 Qe2 23. Qxe2 Rxe2 24. Rc1 Kg6 25. Kf1 Re6 26. c3 Ra6 27. Rc2
d3 28. Rd2 c4 29. bxc4 Ra3 30. Rxd3 Rxa2 31. Rd7 Rc2 32. Rxc7 Rxc3 33. Ke2 Rc2+
34. Kd3 Rxf2 35. c5 Rxg2 36. c6 Rg1 37. Kd4 Rc1 38. Kd5 Rd1+ 39. Ke6 Rc1 40. Kd6
Rd1+ 41. Ke6 Re1+ 42. Kd7 Rd1+ 43. Kc8 Rh1 44. Rxa7 Rxh3 45. c7 Rc3 46. Ra5 h5
47. Kd7 h4 48. Kd6 Rxc7 49. Kxc7 f5 50. Kd6 Kg5 51. Ke5 h3 52. Ra8 Kg4 53. Ra4+
Kg3 54. Ra3+ Kg2 55. Kf4 h2 56. Ra2+ Kh3 1/2-1/2

[Event "40th Olympiad Open"]
[Site "Istanbul TUR"]
[Date "2012.09.06"]
[Round "9.18"]
[Board "4"]
[White "Golizadeh, Asghar"]
[Black "Perez Candelario, Manuel"]
[Result "0-1"]
[WhiteTitle "GM"]
[BlackTitle "GM"]
[WhiteElo "2472"]
[BlackElo "2575"]
[WhiteTeam "Iran"]
[BlackTeam "Spain"]
[WhiteFideId "12505269"]
[BlackFideId "2210622"]
[EventDate "2012.08.28"]

1. e4 e5 2. Nf3 Nc6 3. Bc4 Nf6 4. d3 Bc5 5. c3 a6 6. Bb3 Ba7 7. h3 h6 8. Nbd2
O-O 9. Nf1 d5 10. Qe2 Be6 11. Ng3 Re8 12. O-O Qd7 13. Kh2 Rad8 14. Bc2 b5 15.
Rd1 Qe7 16. a4 dxe4 17. dxe4 Bc4 18. Qe1 b4 19. Be3 Bc5 20. Nd2 Be6 21. a5 bxc3
22. bxc3 Nd7 23. Ba4 Na7 24. Nf5 Qf8 25. Nb3 Bxe3 26. Nxe3 c6 27. c4 Rb8 28. Nc1
Nc5 29. Nd3 Nxd3 30. Rxd3 Qc5 31. Bd1 Nc8 32. Qd2 Ne7 33. Bg4 Bxg4 34. hxg4 Ng6
35. g3 Nf8 36. Nf5 Ne6 37. Kg2 Red8 38. Rh1 Qf8 39. Rxd8 Rxd8 40. Qe3 Rb8 41.
Rd1 Rb7 42. Qd2 Qc5 43. Qd6 Qxc4 44. Ne7+ Rxe7 45. Qxe7 Qxe4+ 46. Kg1 Qxg4 47.
Rb1 Qf5 48. Rb7 Ng5 49. Qe8+ Kh7 50. Qxc6 e4 51. Qxa6 Qf3 52. Rb2 Qh5 53. Kf1
Nf3 54. Ke2 Qh1 55. Ke3 Qc1+ 56. Kxe4 Ng5+ 57. Kd5 Qxb2 58. Qd3+ g6 59. f4 Qb7+
60. Kd6 Ne6 61. Qc4 Qb8+ 62. Kc6 Kg8 63. a6 Qa7 64. Kd6 Qb8+ 65. Kc6 Qc8+ 66.
Kb5 Nc7+ 67. Kb6 Qxa6+ 0-1

[Event "40th Olympiad Open"]
[Site "Istanbul TUR"]
[Date "2012.09.06"]
[Round "9.19"]
[Board "3"]
[White "Michiels, Bart"]
[Black "Vajda, Levente"]
[Result "0-1"]
[WhiteTitle "IM"]
[BlackTitle "GM"]
[WhiteElo "2509"]
[BlackElo "2612"]
[WhiteTeam "Belgium"]
[BlackTeam "Romania"]
[WhiteFideId "202967"]
[BlackFideId "1203975"]
[EventDate "2012.08.28"]

1. d4 Nf6 2. c4 c5 3. d5 e5 4. Nc3 d6 5. e4 Nbd7 6. g3 a6 7. a4 g6 8. Bg2 Bg7 9.
Nf3 O-O 10. O-O b6 11. Ne1 h5 12. f4 exf4 13. gxf4 Re8 14. Qd3 Nf8 15. Nf3 Bg4
16. Ng5 N6h7 17. h3 Bd7 18. Nf3 Rb8 19. Kh1 Rb7 20. Bd2 Qc8 21. Kh2 Qb8 22. Rae1
b5 23. axb5 axb5 24. cxb5 Rxb5 25. Bc1 Rb4 26. Qc2 Bc8 27. Kh1 Nd7 28. Qf2 Ba6
29. Rg1 Kh8 30. e5 dxe5 31. fxe5 Bxe5 32. Nxe5 Nxe5 33. Qxc5 Rc8 34. Qe3 Nd3 35.
Rd1 Re8 36. Qf3 Nxc1 37. Rxc1 Rf4 38. Qg3 h4 39. Qh2 Nf6 40. Bf1 Bb7 41. Qd2 Nh5
42. Rg4 Ng3+ 43. Kg2 Rxg4 44. hxg4 Nxf1 45. Qd4+ Kg8 46. Rxf1 Qg3+ 47. Kh1 Ba6
48. Ra1 Qh3+ 49. Kg1 Re3 0-1

[Event "40th Olympiad Open"]
[Site "Istanbul TUR"]
[Date "2012.09.06"]
[Round "9.19"]
[Board "4"]
[White "Nevednichy, Vladislav"]
[Black "Ringoir, Tanguy"]
[Result "1/2-1/2"]
[WhiteTitle "GM"]
[BlackTitle "IM"]
[WhiteElo "2554"]
[BlackElo "2448"]
[WhiteTeam "Romania"]
[BlackTeam "Belgium"]
[WhiteFideId "1205730"]
[BlackFideId "208027"]
[EventDate "2012.08.28"]

1. c4 e5 2. g3 Nf6 3. Bg2 d5 4. cxd5 Nxd5 5. Nc3 Nb6 6. Nf3 Nc6 7. O-O Be7 8. a3
O-O 9. b4 Be6 10. Rb1 f6 11. d3 a5 12. b5 Nd4 13. Nd2 Qc8 14. e3 Nf5 15. Qc2 Rd8
16. Re1 Nh6 17. d4 Nf7 18. Nf3 Nc4 19. Ra1 Bf8 20. dxe5 Ncxe5 21. Nd4 Bh3 22.
Bh1 c5 23. bxc6 Nxc6 24. Nxc6 bxc6 25. Ne4 Qf5 26. Bb2 Rab8 27. Rec1 Ne5 28.
Bxe5 Qxe5 29. Bg2 Bf5 30. Qc3 Qxc3 1/2-1/2

[Event "40th Olympiad Open"]
[Site "Istanbul TUR"]
[Date "2012.09.06"]
[Round "9.20"]
[Board "1"]
[White "Amin, Bassem"]
[Black "Saric, Ivan"]
[Result "1/2-1/2"]
[WhiteTitle "GM"]
[BlackTitle "GM"]
[WhiteElo "2643"]
[BlackElo "2638"]
[WhiteTeam "Egypt"]
[BlackTeam "Croatia"]
[WhiteFideId "10601457"]
[BlackFideId "14508150"]
[EventDate "2012.08.28"]

1. e4 e5 2. Nf3 Nc6 3. d4 exd4 4. Nxd4 Nf6 5. Nxc6 bxc6 6. e5 Qe7 7. Qe2 Nd5 8.
c4 Nb6 9. Nc3 a5 10. f4 a4 11. Qe4 g6 12. Bd3 Bg7 13. O-O O-O 14. Be3 f5 15. Qf3
Ba6 16. Bxb6 cxb6 17. Nxa4 Qb4 18. b3 Bb7 19. Qf2 c5 20. Be2 d6 21. Bf3 Be4 22.
Rae1 dxe5 23. Bxe4 fxe4 24. Rxe4 exf4 25. Qe2 Rad8 26. Rexf4 Rxf4 27. Rxf4 Qd2
28. Qxd2 Rxd2 29. Nxb6 Rxa2 30. Nd7 Bd4+ 31. Kf1 Rb2 32. Rf3 Rb1+ 33. Ke2 Rb2+
34. Kf1 Rb1+ 35. Ke2 Rb2+ 36. Kf1 Rb1+ 1/2-1/2

[Event "40th Olympiad Open"]
[Site "Istanbul TUR"]
[Date "2012.09.06"]
[Round "9.20"]
[Board "2"]
[White "Stevic, Hrvoje"]
[Black "Adly, Ahmed"]
[Result "1/2-1/2"]
[WhiteTitle "GM"]
[BlackTitle "GM"]
[WhiteElo "2614"]
[BlackElo "2602"]
[WhiteTeam "Croatia"]
[BlackTeam "Egypt"]
[WhiteFideId "14502569"]
[BlackFideId "10601619"]
[EventDate "2012.08.28"]

1. e4 c5 2. d3 Nc6 3. f4 g6 4. Nf3 Bg7 5. Be2 d6 6. O-O Nh6 7. c3 O-O 8. h3 f5
9. Ng5 e6 10. Bf3 Nf7 11. Nxf7 Rxf7 12. Be3 Bh6 13. exf5 Rxf5 14. Qd2 Qf8 15.
Na3 d5 16. Nc2 Bd7 17. d4 cxd4 18. cxd4 Qd6 19. Bg4 Rf7 20. Ne1 Bg7 21. g3 Raf8
22. Ng2 Ne7 23. Rfe1 Qb6 24. Rad1 Rc8 25. Bf2 Rff8 26. b3 Rc6 27. Re2 Rfc8 28.
h4 Nf5 29. Ne1 Rc3 30. Nf3 Bb5 31. Ree1 Bd3 32. Rc1 Qc7 33. Rxc3 Qxc3 34. Qxc3
Rxc3 35. Ng5 Bxd4 36. Bxd4 Nxd4 37. Nxe6 Bf5 38. Nxd4 Rxg3+ 39. Kh2 Rxg4 40.
Re8+ Kf7 41. Rb8 Rxf4 42. Rxb7+ Ke8 43. Nxf5 Rxf5 44. Rxa7 d4 45. Kg3 d3 46. Ra4
Rd5 47. Re4+ Kd7 48. Re1 Kd6 49. Kf3 Kc5 50. Ke3 Kb4 51. Ke4 1/2-1/2

[Event "40th Olympiad Open"]
[Site "Istanbul TUR"]
[Date "2012.09.06"]
[Round "9.20"]
[Board "3"]
[White "Labib, Ibrahim Hasan"]
[Black "Palac, Mladen"]
[Result "0-1"]
[WhiteTitle "IM"]
[BlackTitle "GM"]
[WhiteElo "2429"]
[BlackElo "2599"]
[WhiteTeam "Egypt"]
[BlackTeam "Croatia"]
[WhiteFideId "10600426"]
[BlackFideId "14500116"]
[EventDate "2012.08.28"]

1. e4 c5 2. Nf3 e6 3. b3 b6 4. Bb2 Bb7 5. Qe2 d6 6. d4 cxd4 7. Nxd4 Nf6 8. Nd2
Be7 9. O-O-O Nbd7 10. g4 h6 11. h4 g6 12. f4 e5 13. N4f3 exf4 14. g5 hxg5 15.
Nc4 g4 16. Nxd6+ Bxd6 17. Rxd6 gxf3 18. Qd1 Qe7 19. Bh3 Ne5 20. Qd4 Rh5 21. Rd1
Kf8 22. Ba3 Kg7 23. Qa4 Qe8 24. Qd4 Bc8 25. Rd8 Bxh3 26. Rxe8 Rxe8 27. Bb2 Nfg4
28. Qd7 Re6 29. c4 f2 30. b4 Ne3 0-1

[Event "40th Olympiad Open"]
[Site "Istanbul TUR"]
[Date "2012.09.06"]
[Round "9.20"]
[Board "4"]
[White "Kozul, Zdenko"]
[Black "Abdel Razik, Khaled"]
[Result "1-0"]
[WhiteTitle "GM"]
[BlackTitle "IM"]
[WhiteElo "2616"]
[BlackElo "2448"]
[WhiteTeam "Croatia"]
[BlackTeam "Egypt"]
[WhiteFideId "14502879"]
[BlackFideId "10601104"]
[EventDate "2012.08.28"]

1. d4 d5 2. c4 c6 3. Nc3 Nf6 4. e3 g6 5. Nf3 Bg7 6. b3 O-O 7. Be2 c5 8. O-O cxd4
9. exd4 Nc6 10. h3 Bf5 11. Be3 Qa5 12. Rc1 Rfd8 13. Nxd5 Nxd5 14. cxd5 Nb4 15.
Bd2 Qa3 16. Bxb4 Qxb4 17. Re1 Be4 18. Bc4 Bxd5 19. Bxd5 Rxd5 20. Rc7 Bf6 21. Qc1
Rad8 22. g4 h5 23. Kg2 Qb5 24. Qf4 Qb4 25. Re4 hxg4 26. hxg4 Qb5 27. Qc1 a6 28.
Qf4 Kg7 29. Rexe7 Bxe7 30. Rxe7 Rf8 31. Ne5 Rd6 32. Rxf7+ 1-0

[Event "40th Olympiad Open"]
[Site "Istanbul TUR"]
[Date "2012.09.06"]
[Round "9.21"]
[Board "1"]
[White "Amonatov, Farrukh"]
[Black "Smerdon, David"]
[Result "1-0"]
[WhiteTitle "GM"]
[BlackTitle "GM"]
[WhiteElo "2610"]
[BlackElo "2507"]
[WhiteTeam "Tajikistan"]
[BlackTeam "Australia"]
[WhiteFideId "14700077"]
[BlackFideId "3202305"]
[EventDate "2012.08.28"]

1. e4 e6 2. d4 d5 3. Nc3 Nf6 4. Bg5 Bb4 5. e5 h6 6. Bd2 Bxc3 7. bxc3 Ne4 8. Qg4
g6 9. Bd3 Nxd2 10. Kxd2 c5 11. h4 Nc6 12. Nf3 cxd4 13. cxd4 Qa5+ 14. c3 b6 15.
Qf4 Ba6 16. Qe3 Rc8 17. a4 Ne7 18. Bxa6 Qxa6 19. a5 bxa5 20. Rhb1 Kd7 21. Qd3
Qxd3+ 22. Kxd3 Nc6 23. Rb7+ Rc7 24. Rb5 Rcc8 25. Rb7+ Rc7 26. Rb5 Rhc8 27. Nd2
a6 28. Rb3 Ke7 29. f4 h5 30. Ra4 f6 31. Nf3 fxe5 32. Nxe5 Nxe5+ 33. fxe5 g5 34.
Rxa5 gxh4 35. Rxa6 Rg8 36. Rab6 Rg3+ 37. Ke2 Rxg2+ 38. Kf1 Rg3 39. Rb7 Rxc3 40.
Kg2 Rxb3 1-0

[Event "40th Olympiad Open"]
[Site "Istanbul TUR"]
[Date "2012.09.06"]
[Round "9.21"]
[Board "2"]
[White "Ly, Moulthun"]
[Black "Khusenkhojaev, Muhammad"]
[Result "1-0"]
[WhiteTitle "IM"]
[WhiteElo "2397"]
[BlackElo "2378"]
[WhiteTeam "Australia"]
[BlackTeam "Tajikistan"]
[WhiteFideId "3204405"]
[BlackFideId "14700247"]
[EventDate "2012.08.28"]

1. e4 e5 2. Nf3 Nc6 3. Bb5 a6 4. Ba4 Nf6 5. O-O Be7 6. Re1 b5 7. Bb3 d6 8. a4
Bg4 9. c3 O-O 10. d3 Na5 11. Ba2 c5 12. Nbd2 Qd7 13. Nf1 bxa4 14. Ne3 Rab8 15.
Nxg4 Nxg4 16. Bd5 Nb3 17. Bxb3 axb3 18. h3 Nf6 19. Rxa6 Nh5 20. Nd2 Nf4 21. Nc4
Ne6 22. Ra3 Qb5 23. Qg4 Ra8 24. Rxa8 Rxa8 25. f4 exf4 26. Bxf4 Ra2 27. Rf1 Qa6
28. Bg3 Ra1 29. Qf5 Rxf1+ 30. Qxf1 Qc6 31. Qa1 d5 32. Ne5 Qb7 33. exd5 Qxd5 34.
Qa7 Qd6 35. Kh2 Nf8 36. Ng6 Qxg6 37. Qxe7 h5 38. Qd8 Qf6 39. Qb8 h4 40. Bd6 Kh7
41. Qxf8 1-0

[Event "40th Olympiad Open"]
[Site "Istanbul TUR"]
[Date "2012.09.06"]
[Round "9.21"]
[Board "3"]
[White "Djuraev, Sokhib"]
[Black "Solomon, Stephen J."]
[Result "1/2-1/2"]
[WhiteTitle "FM"]
[BlackTitle "IM"]
[WhiteElo "2354"]
[BlackElo "2378"]
[WhiteTeam "Tajikistan"]
[BlackTeam "Australia"]
[WhiteFideId "14201690"]
[BlackFideId "3200043"]
[EventDate "2012.08.28"]

1. e4 e5 2. Nf3 Nc6 3. d4 exd4 4. Nxd4 Bc5 5. Nxc6 Qf6 6. Qf3 dxc6 7. Bc4 Qxf3
8. gxf3 Ne7 9. Be3 Bxe3 10. fxe3 f5 11. Nc3 fxe4 12. Nxe4 Nf5 13. Ke2 Ke7 14.
Ng3 Nh4 15. Rad1 Rf8 16. Rd4 g5 17. Re4+ Kf6 18. Rg1 Nf5 19. f4 g4 20. Re5 Nd6
21. Nh5+ Kg6 22. Bd3+ Kh6 23. Ng3 Kg7 24. e4 Bd7 25. Re7+ Rf7 26. Rxf7+ Nxf7 27.
e5 Be6 28. c4 Rd8 29. Ke3 c5 30. b3 a5 31. a4 Nh6 32. f5 Rxd3+ 33. Kxd3 Nxf5 34.
Nxf5+ Bxf5+ 35. Ke3 Kf7 36. Rg2 Ke6 37. Kf4 h5 38. Rg3 Bc2 39. Re3 Bd1 40. Rd3
Bc2 41. Rd2 Bxb3 42. Rb2 Bxa4 43. Rxb7 h4 44. Rxc7 g3 45. hxg3 hxg3 46. Rg7 Bb3
47. Rxg3 Bxc4 48. Ra3 Kd5 49. Kf5 Bf1 50. e6 a4 51. e7 Bb5 52. Ra1 Kd4 53. Ke6
a3 54. Rxa3 c4 55. Ra5 Be8 56. Ra8 Bc6 57. Rd8+ Kc3 58. Rd7 Bxd7+ 59. Kxd7 Kd2
60. e8=Q c3 61. Qe5 c2 62. Qb2 Kd1 63. Qd4+ Ke2 64. Qc3 Kd1 65. Qd3+ Kc1 66. Kc6
Kb2 67. Qd2 Kb1 68. Qb4+ Ka2 69. Qc3 Kb1 70. Qb3+ Ka1 1/2-1/2

[Event "40th Olympiad Open"]
[Site "Istanbul TUR"]
[Date "2012.09.06"]
[Round "9.21"]
[Board "4"]
[White "Illingworth, Max"]
[Black "Isaev, Jamshed"]
[Result "1/2-1/2"]
[WhiteTitle "FM"]
[BlackTitle "IM"]
[WhiteElo "2360"]
[BlackElo "2357"]
[WhiteTeam "Australia"]
[BlackTeam "Tajikistan"]
[WhiteFideId "3205207"]
[BlackFideId "14700050"]
[EventDate "2012.08.28"]

1. e4 e5 2. Nf3 Nc6 3. Bb5 a6 4. Ba4 Nf6 5. O-O b5 6. Bb3 Bc5 7. d3 O-O 8. c3 d6
9. Bg5 h6 10. Bh4 g5 11. Bg3 Bg4 12. Nbd2 Nh5 13. Re1 Rb8 14. h3 Bxf3 15. Qxf3
Nxg3 16. Qxg3 Qf6 17. Nf1 Qf4 18. Rad1 Kg7 19. Bd5 Ne7 20. d4 Qxg3 21. Nxg3 exd4
22. cxd4 Bb4 23. Re3 f5 24. Rb3 c5 25. dxc5 Bxc5 26. exf5 Nxf5 27. Ne4 Nd4 28.
Rbd3 Ne2+ 29. Kf1 Nf4 30. Nxc5 dxc5 31. R3d2 Rb6 32. Be4 Rbf6 33. f3 R8f7 34.
Rd8 Re7 35. R1d6 Rxd6 36. Rxd6 Re6 37. Rxe6 Nxe6 38. Kf2 Kf6 39. g3 Ke5 40. Bb7
a5 41. Ke3 a4 42. a3 Kd6 43. f4 gxf4+ 44. gxf4 Nd4 45. Be4 Ke6 46. Bd3 Kd5 47.
Bh7 Kd6 48. Ke4 Nc2 49. Kf5 b4 50. axb4 cxb4 51. Kg6 Ne3 52. f5 a3 53. bxa3 bxa3
54. Bg8 Nd5 55. Bxd5 Kxd5 56. f6 a2 57. f7 a1=Q 58. f8=Q Qa6+ 59. Kg7 Qe6 60.
Qf3+ Kd6 61. Qg4 Ke7 62. Qb4+ Ke8 63. Qf8+ Kd7 64. Qf3 Ke7 65. h4 Qe5+ 66. Kg6
Qe6+ 67. Kg7 Qe5+ 68. Kxh6 Qf6+ 69. Qxf6+ Kxf6 70. h5 1/2-1/2

[Event "40th Olympiad Open"]
[Site "Istanbul TUR"]
[Date "2012.09.06"]
[Round "9.22"]
[Board "2"]
[White "Ipatov, Alexander"]
[Black "Iordachescu, Viorel"]
[Result "0-1"]
[WhiteTitle "GM"]
[BlackTitle "GM"]
[WhiteElo "2577"]
[BlackElo "2645"]
[WhiteTeam "Turkey"]
[BlackTeam "Moldova"]
[WhiteFideId "14116731"]
[BlackFideId "13900200"]
[EventDate "2012.08.28"]

1. d4 Nf6 2. c4 e6 3. Nc3 Bb4 4. Bg5 c5 5. d5 b5 6. f3 bxc4 7. e4 h6 8. Bh4 exd5
9. exd5 O-O 10. Bxc4 Bxc3+ 11. bxc3 d6 12. Ne2 Nbd7 13. O-O Ne5 14. Bd3 Rb8 15.
Rb1 Rxb1 16. Bxb1 Ba6 17. Re1 Re8 18. Bxf6 Bxe2 19. Rxe2 Qxf6 20. Be4 Kf8 21. g3
Qd8 22. Kg2 Qa5 23. Qe1 Nd7 24. g4 Nf6 25. h4 Qa6 26. g5 Nxd5 27. Rd2 Nf4+ 28.
Kg3 Nh5+ 29. Kh2 hxg5 30. hxg5 g6 31. Qd1 Re6 32. Qb3 Qa5 33. Qb2 Qd8 34. Rg2 d5
35. Bc2 Qc7+ 36. Kg1 Nf4 37. Rg4 Nh3+ 0-1

[Event "40th Olympiad Open"]
[Site "Istanbul TUR"]
[Date "2012.09.06"]
[Round "9.22"]
[Board "4"]
[White "Can, Emre"]
[Black "Vedmediuc, Serghei"]
[Result "1/2-1/2"]
[WhiteTitle "GM"]
[BlackTitle "IM"]
[WhiteElo "2435"]
[BlackElo "2468"]
[WhiteTeam "Turkey"]
[BlackTeam "Moldova"]
[WhiteFideId "6302181"]
[BlackFideId "13900790"]
[EventDate "2012.08.28"]

1. d4 d5 2. Nf3 Nf6 3. c4 c6 4. Nc3 dxc4 5. a4 e6 6. Bg5 Bb4 7. e4 Bxc3+ 8. bxc3
Qa5 9. e5 Ne4 10. Bd2 c5 11. Bxc4 Nxd2 12. Qxd2 cxd4 13. Qxd4 Bd7 14. O-O Bc6
15. Ng5 h6 16. Ne4 Bxe4 17. Qxe4 Nc6 18. Rfe1 O-O-O 19. Rab1 Rd7 20. g3 a6 21.
Bf1 Qc5 22. Qf4 Rhd8 23. h4 h5 24. Re4 Na5 25. Reb4 g6 26. Be2 Rd2 27. Bf1 R8d7
28. Bg2 Rd1+ 29. Rxd1 Rxd1+ 30. Kh2 Rd7 31. Rd4 Rc7 32. Qd2 Kb8 33. Rd8+ Ka7 34.
Qd4 Nb3 35. Qd1 Na5 36. Qd4 Nb3 37. Qd1 Na5 1/2-1/2

[Event "40th Olympiad Open"]
[Site "Istanbul TUR"]
[Date "2012.09.06"]
[Round "9.23"]
[Board "2"]
[White "Tikkanen, Hans"]
[Black "Sharavdorj, Dashzegve"]
[Result "1-0"]
[WhiteTitle "GM"]
[BlackTitle "GM"]
[WhiteElo "2570"]
[BlackElo "2446"]
[WhiteTeam "Sweden"]
[BlackTeam "Mongolia"]
[WhiteFideId "1706446"]
[BlackFideId "4900340"]
[EventDate "2012.08.28"]

1. c4 e6 2. g3 Nf6 3. Bg2 d5 4. Nf3 Be7 5. O-O O-O 6. b3 b6 7. Bb2 Bb7 8. e3
Nbd7 9. Nc3 dxc4 10. bxc4 Nc5 11. d4 Nce4 12. Nxe4 Bxe4 13. Ne5 Bxg2 14. Kxg2 c5
15. Qf3 cxd4 16. exd4 Qc7 17. Rfe1 Rac8 18. d5 exd5 19. cxd5 Bc5 20. Rad1 h6 21.
Kg1 Nh7 22. h4 Rce8 23. Nc6 Qd7 24. Kg2 a5 25. Rxe8 Rxe8 26. d6 Rf8 27. Ne7+ Kh8
28. Nf5 f6 29. Ne7 Rd8 30. Qd5 Qe8 31. Qg8+ 1-0

[Event "40th Olympiad Open"]
[Site "Istanbul TUR"]
[Date "2012.09.06"]
[Round "9.23"]
[Board "3"]
[White "Batchuluun, Tsegmed"]
[Black "Berg, Emanuel"]
[Result "1/2-1/2"]
[WhiteTitle "GM"]
[BlackTitle "GM"]
[WhiteElo "2493"]
[BlackElo "2576"]
[WhiteTeam "Mongolia"]
[BlackTeam "Sweden"]
[WhiteFideId "4900847"]
[BlackFideId "1704060"]
[EventDate "2012.08.28"]

1. d4 Nf6 2. c4 e6 3. g3 c5 4. d5 exd5 5. cxd5 d6 6. Nc3 g6 7. Bg2 Bg7 8. Nf3
O-O 9. O-O Re8 10. Nd2 Nbd7 11. h3 a6 12. a4 Rb8 13. Nc4 Ne5 14. Na3 Nh5 15. e4
Bd7 16. a5 b5 17. axb6 Bb5 18. Naxb5 axb5 19. Nxb5 Qxb6 20. Na3 Qb3 21. Rb1 Qxd1
22. Rxd1 Rb3 23. Bd2 Nd3 24. Nc4 Reb8 25. Nxd6 Nxb2 26. Rdc1 Nd3 27. Rxb3 Rxb3
28. Rc2 Bd4 29. Be3 Bxe3 30. fxe3 Nxg3 31. Kh2 Ne1 32. Rxc5 Nh5 33. Nc4 Rc3 34.
Kg1 Rc2 35. Rc8+ Kg7 36. Bh1 Ng3 37. Nd6 Re2 38. Rc7 Nd3 39. Rxf7+ Kg8 40. Bg2
Rxe3 41. Rf3 Ne2+ 42. Kh2 Rxf3 43. Bxf3 Nd4 44. Kg3 Kg7 45. Nb7 Kf6 46. Bg4 h5
47. Bc8 g5 48. d6 Nc6 49. Bd7 Nd4 50. Bb5 h4+ 51. Kh2 Nf4 52. Bd7 Nfe6 53. Kg2
Ke5 54. Bxe6 Kxe6 55. Kf2 Nc6 56. Ke3 Ne5 57. Ke2 Ng6 58. Kf3 Ne5+ 59. Ke3 Nc4+
60. Kf3 Ne5+ 61. Kf2 Kd7 62. Ke3 Kc6 63. d7 Kxd7 64. Nc5+ Kd6 65. Nb3 Nc4+ 66.
Kf3 Ne5+ 67. Ke3 Nc4+ 68. Kf3 Ne5+ 69. Ke3 g4 70. hxg4 h3 71. Kf2 Nxg4+ 72. Kg3
h2 73. Kg2 Ke5 74. Nd2 Kf4 75. Nf1 Kxe4 76. Nxh2 Nxh2 77. Kxh2 1/2-1/2

[Event "40th Olympiad Open"]
[Site "Istanbul TUR"]
[Date "2012.09.06"]
[Round "9.24"]
[Board "1"]
[White "Gruenfeld, Yehuda"]
[Black "Ftacnik, Lubomir"]
[Result "1/2-1/2"]
[WhiteTitle "GM"]
[BlackTitle "GM"]
[WhiteElo "2434"]
[BlackElo "2532"]
[WhiteTeam "ICSC"]
[BlackTeam "Slovakia"]
[WhiteFideId "2800020"]
[BlackFideId "14900017"]
[EventDate "2012.08.28"]

1. e4 c5 2. Nf3 d6 3. d4 cxd4 4. Nxd4 Nf6 5. Nc3 a6 6. Bg5 e6 7. f4 h6 8. Bh4
Qb6 9. a3 Be7 10. Bf2 Qc7 11. Bd3 Nc6 12. Qf3 e5 13. Nf5 Bxf5 14. exf5 Rd8 15.
O-O d5 16. fxe5 Nxe5 17. Qh3 O-O 18. Kh1 Nc4 19. Bd4 Nxb2 20. Nxd5 Nxd5 21. Bxb2
Bf6 22. Bxf6 Nxf6 23. Qh4 Rfe8 24. Rab1 Re7 25. Qf4 Qc8 26. h3 Rde8 27. Qh4 Re3
28. Rfe1 Qc5 29. Rxe3 Qxe3 30. Rf1 Re5 31. Qf4 Qc5 32. Rb1 Qd6 33. Qb4 Qc6 34.
Re1 Rxe1+ 35. Qxe1 Qc5 36. a4 a5 37. Qg3 Qb4 38. Qc7 Qxa4 39. Qxb7 Qa1+ 40. Kh2
Qe5+ 41. Kh1 Qe1+ 42. Kh2 Qe5+ 43. Kh1 Nh5 44. Qa8+ Kh7 45. f6+ g6 46. Qa7 Qa1+
47. Kh2 Qxf6 48. Qxa5 Qf4+ 1/2-1/2

[Event "40th Olympiad Open"]
[Site "Istanbul TUR"]
[Date "2012.09.06"]
[Round "9.24"]
[Board "2"]
[White "Petrik, Tomas"]
[Black "Orsag, Milan1"]
[Result "1-0"]
[WhiteTitle "GM"]
[BlackTitle "IM"]
[WhiteElo "2529"]
[BlackElo "2405"]
[WhiteTeam "Slovakia"]
[BlackTeam "ICSC"]
[WhiteFideId "14901625"]
[BlackFideId "300853"]
[EventDate "2012.08.28"]

1. e4 c5 2. Nf3 e6 3. d4 cxd4 4. Nxd4 a6 5. Be2 Nf6 6. Nc3 d6 7. O-O Be7 8. a4
Nc6 9. Be3 O-O 10. f4 Bd7 11. Nb3 Na5 12. e5 Ne8 13. Nxa5 Qxa5 14. Ne4 Qc7 15.
a5 Bc6 16. Bb6 Qb8 17. Qd4 h6 18. Rad1 dxe5 19. fxe5 f6 20. Bc4 fxe5 21. Bxe6+
Kh8 22. Rxf8+ Bxf8 23. Qf2 Nd6 24. Ng5 Ne4 25. Nf7+ Kh7 26. Bf5+ g6 27. Bxe4
Bxe4 28. Rd8 1-0

[Event "40th Olympiad Open"]
[Site "Istanbul TUR"]
[Date "2012.09.06"]
[Round "9.24"]
[Board "3"]
[White "Klasan, Vladimir"]
[Black "Michalik, Peter"]
[Result "0-1"]
[BlackTitle "GM"]
[WhiteElo "2342"]
[BlackElo "2508"]
[WhiteTeam "ICSC"]
[BlackTeam "Slovakia"]
[WhiteFideId "934054"]
[BlackFideId "14907526"]
[EventDate "2012.08.28"]

1. e4 e6 2. d4 d5 3. Nc3 Bb4 4. Ne2 dxe4 5. a3 Be7 6. Nxe4 Nf6 7. N2g3 Nbd7 8.
Bd3 b6 9. O-O Bb7 10. Qe2 Nxe4 11. Bxe4 Bxe4 12. Nxe4 Nf6 13. Nxf6+ Bxf6 14. c3
Qd6 15. Qf3 c6 16. Bf4 Qd5 17. Qe2 O-O 18. Be5 Bxe5 19. dxe5 Rfd8 20. Rad1 Qc5
21. Rxd8+ Rxd8 22. Rd1 Rd5 23. Rxd5 Qxd5 24. f4 h6 25. Kf2 Qa2 26. g3 Qb1 27.
Kg2 b5 28. Qd2 Qe4+ 29. Kg1 c5 30. Qd8+ Kh7 31. Qd2 a6 32. Qf2 h5 33. Qd2 Kg6
34. Qd1 a5 35. Kf2 b4 36. axb4 cxb4 37. cxb4 axb4 38. h3 Kh6 39. Qd2 b3 40. f5+
Kh7 41. fxe6 fxe6 42. Qg5 Qg6 43. Qxg6+ Kxg6 44. Ke3 Kf5 45. Kd4 g5 46. Kc4 g4
47. h4 Ke4 48. Kxb3 Kf3 49. Kc4 Kxg3 50. b4 Kf4 51. b5 Kxe5 0-1

[Event "40th Olympiad Open"]
[Site "Istanbul TUR"]
[Date "2012.09.06"]
[Round "9.24"]
[Board "4"]
[White "Jurcik, Marian"]
[Black "Frink, Ferenc"]
[Result "1-0"]
[WhiteTitle "IM"]
[BlackTitle "FM"]
[WhiteElo "2486"]
[BlackElo "2197"]
[WhiteTeam "Slovakia"]
[BlackTeam "ICSC"]
[WhiteFideId "14907518"]
[BlackFideId "704946"]
[EventDate "2012.08.28"]

1. e4 Nc6 2. Nf3 e6 3. d4 d6 4. c4 Nf6 5. Nc3 Bd7 6. Be2 e5 7. O-O h6 8. b3 Nh7
9. Be3 Ng5 10. d5 Nxf3+ 11. Bxf3 Ne7 12. Bg4 Bxg4 13. Qxg4 Qd7 14. Qxd7+ Kxd7
15. b4 f5 16. f3 g5 17. c5 Bg7 18. Rac1 a5 19. cxd6 cxd6 20. Na4 Nc8 21. b5 f4
22. Bb6 Bf6 23. Rc7+ Ke8 24. Rxb7 h5 25. Bf2 g4 26. Rc1 Bd8 27. Kf1 g3 28. hxg3
fxg3 29. Bxg3 h4 30. Bf2 h3 31. gxh3 Rxh3 32. Kg2 Rh6 33. Rh1 Rg6+ 34. Kf1 Ne7
35. Rh8+ Kf7 36. Bh4 Rc8 37. Rxd8 Rc1+ 38. Kf2 Rc2+ 39. Ke3 Rgg2 40. Rxe7+ Kg6
41. Rg8+ Kh6 42. Rxg2 1-0